000 00731nam a22002417a 4500
001 000584721
003 DO-SdBNP
005 20180404074318.0
007 000584721
008 161205b 1961 sp a ||||| |||| 00| 0 spa d
040 _aBPMSU
_bspa
_cBPMSU
082 _axxxx
_bxxxx
100 1 _aSchneider, Herman
245 1 0 _aLa ciencia, jugamos y trabajamos /
_cpor Herman y Nina Schneider. Traduccion de David Cruz Lopez.
260 _aBoston :
_b Heath,
_c1961.
300 _a133 p. :
_bil. ;
_c24 cm.
490 1 _aCiencia Heath
_v1
700 1 _aCruz Lopez, David,
_etr.
830 _aCiencia Heath ;
_v1
942 _2ddc
_cBK
945 _aInventariado / 2018 VM
956 _2LOPEREZ
_310
_620161207
_8BPMSU
_a00041
999 _c12354
_d12354